书目信息 |
| 题名: |
环境艺术设计表现技法
|
|
| 作者: | 陈斌 , 李淼 , 尹航 编著 | |
| 分册: | ||
| 出版信息: | 重庆 重庆大学出版社 2010.05 |
|
| 页数: | 74页 | |
| 开本: | 29cm | |
| 丛书名: | 高等院校艺术设计专业丛书 | |
| 单 册: | ||
| 中图分类: | TU-856 | |
| 科图分类: | ||
| 主题词: | 环境设计--技法(美术)--高等学校--教材 | |
| 电子资源: | ||
| ISBN: | 978-7-5624-5370-3 | |
| 000 | 01024nam 2200277 450 | |
| 001 | 1053778415 | |
| 005 | 20101008145725.73 | |
| 010 | @a978-7-5624-5370-3@dCNY29.00 | |
| 100 | @a | |
| 105 | @aa a 000yy | |
| 120 | @101129 | |
| 200 | 1 | @a环境艺术设计表现技法@Ahuan jing yi shu she ji biao xian ji fa@f陈斌, 李淼, 尹航编著 |
| 210 | @a重庆@c重庆大学出版社@d2010.05 | |
| 215 | @a74页@c图@d29cm | |
| 225 | 2 | @a高等院校艺术设计专业丛书 |
| 300 | @a省部级精品课教材 | |
| 320 | @a有书目 (第74页) | |
| 330 | @a本书对表现图在环境艺术设计专业上的作用,它的类别以及它的表现要点作了讲述。对于各种表现图而言,他们之间仅有工具的不同,但他们的艺术规律都是相通的,作为教学的目标,本书重点在于教会学生如何选择最合适的工具,运用正确的方法快速表现自己的设计意图。 | |
| 410 | 0 | @12001 @a高等院校艺术设计专业丛书 |
| 606 | 0 | @a环境设计@x技法(美术)@x高等学校@x教材 |
| 690 | @aTU-856@v4 | |
| 701 | 0 | @a陈斌@Achen bin@4编著 |
| 701 | 0 | @a李淼@Ali miao@4编著 |
| 701 | 0 | @a尹航@Ayin hang@4编著 |
| 801 | 0 | @aCN@c20101129 |
| 905 | @dTU-856@eC365 | |
| 环境艺术设计表现技法/陈斌, 李淼, 尹航编著.-重庆:重庆大学出版社,2010.05 |
| 74页:图;29cm.-(高等院校艺术设计专业丛书) |
| 省部级精品课教材 |
| ISBN 978-7-5624-5370-3:CNY29.00 |
| 本书对表现图在环境艺术设计专业上的作用,它的类别以及它的表现要点作了讲述。对于各种表现图而言,他们之间仅有工具的不同,但他们的艺术规律都是相通的,作为教学的目标,本书重点在于教会学生如何选择最合适的工具,运用正确的方法快速表现自己的设计意图。 |
| ● |
| 相关链接 |
|
|
|
正题名:环境艺术设计表现技法
索取号:TU-856/C365
 
预约/预借
| 序号 | 登录号 | 条形码 | 馆藏地/架位号 | 状态 | 备注 |
| 1 | 1032372 | 210323728 | 建筑库101/101建筑库 17排1列1层/ [索取号:TU-856/C365] | 在馆 | |
| 2 | 1032373 | 210323737 | 建筑库101/101建筑库 17排1列1层/ [索取号:TU-856/C365] | 在馆 | |
| 3 | 1032374 | 210323746 | 建筑库101/101建筑库 17排1列1层/ [索取号:TU-856/C365] | 在馆 | |
| 4 | 1032375 | 210323755 | 建筑库101/101建筑库 17排1列1层/ [索取号:TU-856/C365] | 在馆 | |
| 5 | 1032376 | 210323764 | 建筑库101/101建筑库 17排1列1层/ [索取号:TU-856/C365] | 在馆 |